Constitutional fragments : (Record no. 10353)
[ view plain ]
| 000 -LEADER | |
|---|---|
| fixed length control field | 00755cam a22002292 4500 |
| 001 - CONTROL NUMBER | |
| control field | 0000024584 |
| 005 - DATE AND TIME OF LATEST TRANSACTION | |
| control field | 20151217152304.0 |
| 008 - FIXED-LENGTH DATA ELEMENTS--GENERAL INFORMATION | |
| fixed length control field | 140109s xx 000 0 eng d |
| 020 ## - INTERNATIONAL STANDARD BOOK NUMBER | |
| International Standard Book Number | 0199644674 : |
| 040 ## - CATALOGING SOURCE | |
| Original cataloging agency | KABU |
| Transcribing agency | KABU |
| 100 1# - MAIN ENTRY--PERSONAL NAME | |
| Personal name | Teubner, Gunther. |
| -- | 0000184920 |
| 245 10 - TITLE STATEMENT | |
| Title | Constitutional fragments : |
| Remainder of title | societal constitutionalism and globalization / |
| Statement of responsibility, etc. | Gunther Teubner; translated by Gareth Norbury. |
| 250 ## - EDITION STATEMENT | |
| Edition statement | 1st ed. |
| 260 ## - PUBLICATION, DISTRIBUTION, ETC. (IMPRINT) | |
| Place of publication, distribution, etc. | Oxford : |
| Name of publisher, distributor, etc. | O. U. P., |
| Date of publication, distribution, etc. | 2012. |
| 300 ## - PHYSICAL DESCRIPTION | |
| Extent | xi, 213 p. |
| 650 #0 - SUBJECT ADDED ENTRY--TOPICAL TERM | |
| Topical term or geographic name as entry element | Constitutional law. |
| -- | 0000184605 |
| 650 #0 - SUBJECT ADDED ENTRY--TOPICAL TERM | |
| Topical term or geographic name as entry element | Administrative law. |
| -- | 0000166707 |
| 650 #0 - SUBJECT ADDED ENTRY--TOPICAL TERM | |
| Topical term or geographic name as entry element | Corporate governance. |
| -- | 0000164722 |
| 852 1# - LOCATION | |
| -- | p6750 KES |
| 908 ## - PUT COMMAND PARAMETER (RLIN) | |
| Put command parameter | 140109 |
| 950 ## - LOCAL HOLDINGS (RLIN) | |
| -- | 1 |
| Withdrawn status | Lost status | Source of classification or shelving scheme | Not for loan | Home library | Current library | Date acquired | Total Checkouts | Full call number | Barcode | Date last seen | Price effective from | Koha item type | Shelving location | Cost, normal purchase price | Copy number |
|---|---|---|---|---|---|---|---|---|---|---|---|---|---|---|---|
| Library of Congress Classification | Kabarak, Main Campus | Kabarak, Main Campus | 17/12/2015 | K3166 .T48 2012 c. 1 | 016301 | 17/12/2015 | 17/12/2015 | General Collection | |||||||
| Library of Congress Classification | Kabarak, Main Campus | Kabarak, Main Campus | 27/07/2018 | K3166 .T48 2012 c. 2 | 022034 | 27/07/2018 | 27/07/2018 | General Collection | General Stacks | 11665.00 | c. 2 | ||||
| Library of Congress Classification | Kabarak, Main Campus | Kabarak, Main Campus | 21/02/2019 | K3166 .T48 2012 c. 3 | 024435 | 21/02/2019 | 21/02/2019 | General Collection | General Stacks | 11665.00 | c. 3 |